Development and extension of Kang-Bing-Zeng-Jiao-Ling of rubber trees (Record no. 56942)

MARC details
000 -LEADER
fixed length control field 01376nam a2200229Ia 4500
100 ## - MAIN ENTRY--AUTHOR NAME
Personal name Zuoyong Hu
245 #0 - TITLE STATEMENT
Title Development and extension of Kang-Bing-Zeng-Jiao-Ling of rubber trees
260 ## - PUBLICATION, DISTRIBUTION, ETC. (IMPRINT)
Name of publisher IRRDB Conference: NR Industry: Responding to Globalization 7-8 September 2004, Kunming International Convention & Exhibition Center, China
520 ## - SUMMARY, ETC.
Summary, etc Kang-bing-zeng-jiao-ling, a latex-stimulating agent against rubber diseases, is a patented invention developed by Yunnan Institute of Tropical Crops for many years. It can increase rubber yield and control some diseases as well as provide rubber trees with some nutrients. It plays an important role in the improvement of rubber tapping system. A series of experiments showed that it increased dry rubber content and reduced the loss of nutrients after application of this agent to rubber trees. So it is of great significance to accelerate the extension and application of the agent in promoting tapping system reform and ensuring the high and stable yield of rubber in Yunnan.
650 ## - SUBJECT ADDED ENTRY--TOPICAL TERM
Topical Term Ethrel
650 ## - SUBJECT ADDED ENTRY--TOPICAL TERM
Topical Term Kang-Bing-Zeng-Jiao-Ling
650 ## - SUBJECT ADDED ENTRY--TOPICAL TERM
Topical Term Panel stripe canker
650 ## - SUBJECT ADDED ENTRY--TOPICAL TERM
Topical Term Rubber tree
700 ## - ADDED ENTRY--PERSONAL NAME
Personal name Fachang Li
700 ## - ADDED ENTRY--PERSONAL NAME
Personal name Ming Zhou
700 ## - ADDED ENTRY--PERSONAL NAME
Personal name Mingan Xu
700 ## - ADDED ENTRY--PERSONAL NAME
Personal name Yunkun Xu
700 ## - ADDED ENTRY--PERSONAL NAME
Personal name Zhiying Cai
700 ## - ADDED ENTRY--PERSONAL NAME
Personal name Zhong Xu
942 ## - ADDED ENTRY ELEMENTS (KOHA)
Koha item type Journals
Holdings
Withdrawn status Lost status Damaged status Not for loan Home library Current library Shelving location Date acquired Koha item type
      Journals RRII Library RRII Library Pathology 17/12/2021 Journals